| 000 | 01429nam0a22003251 4500 | ||
|---|---|---|---|
| 001 | rc\2375871 | ||
| 005 | 20110829161009.9 | ||
| 035 | _a(NLR Aleph) 006602760 | ||
| 090 |
_a7265541 _c7265541 |
||
| 100 | _a20110829d1977 |||y0rusy50 ca | ||
| 101 | 0 | _arus | |
| 102 | _aRU | ||
| 105 | _aa b ||||| | ||
| 200 | 1 |
_aНовые неметаллические катализаторы для химических источников тока _fВ.С. Багоцкий, д. т. н., М.Р. Тарасевич, д. х. н., Н.А. Шумилова, д. т. н. |
|
| 210 |
_a[Москва] _cБ. и. _d1977 |
||
| 215 |
_a20 с. _cил. _d21 |
||
| 225 | 1 |
_aВсемирный электротехнический конгресс, ВЭЛК. 21-25 июня 1977. Москва. Секция 5Б. Доклад _v24 |
|
| 309 | _aБез тит. л. и обл. | ||
| 320 | _aБиблиогр.: с. 15-16 | ||
| 700 | 1 |
_aБагоцкий _bВ. С. _f1920- _gВладимир Сергеевич |
|
| 701 | 1 |
_aШумилова _bН. А. _gНадежда Александровна |
|
| 701 | 1 |
_aТарасевич _bМ. Р. |
|
| 712 | 1 | 2 |
_aВсемирный электротехнический конгресс _f1977 _eМосква _3RU\NLR\AUTH\8810165874 |
| 801 | 0 |
_aRU _bNLR _gpsbo |
|
| 801 | 1 |
_aRU _bELAR _2rusmarc |
|
| 852 |
_aNLR _j77-6/5027 |
||
| 899 |
_aRuMoRGB _jБ 77-17/63 |
||
| 899 |
_aRuMoRGB _jБ 77-17/65 |
||
| 942 | _cBOOK | ||
| 980 | _aNB | ||